000 00325nam a2200133 a 4500
001 4140
005 20140414131909.0
008 090218s19uu xx 00 eng d
050 _aER
_bB38 1994
100 _aHofmann, Ginnie
245 _aThe Bear next door.
260 _aNew York :
_bRandom House,
_c1994.
999 _c111091
_d111091